Republican Principles in International law: (Record no. 622628)

MARC details
000 -LEADER
fixed length control field 00519nam a22001697a 4500
008 - FIXED-LENGTH DATA ELEMENTS--GENERAL INFORMATION
fixed length control field 260506b |||||||| |||| 00| 0 eng d
020 ## - INTERNATIONAL STANDARD BOOK NUMBER
ISBN 9781403997449
Paper back/Hardbound hbk
041 ## - LANGUAGE CODE
Language code of text/sound track or separate title eng
082 ## - DEWEY DECIMAL CLASSIFICATION NUMBER
Classification number 341 SEL
100 ## - MAIN ENTRY--AUTHOR NAME
Personal name Sellers, M. N. S.
245 ## - TITLE STATEMENT
Title Republican Principles in International law:
Sub Title The Fundamental Requirements of a Just World Order
Statement of responsibility, etc /M. N. S. Sellers
260 ## - PUBLICATION, DISTRIBUTION, ETC. (IMPRINT)
Place of publication Great Britain
Name of publisher Palgrave Macmillan
Year of publication 2006
300 ## - PHYSICAL DESCRIPTION
Number of Pages x,266p. :
Dimensions 22cm.
504 ## - BIBLIOGRAPHY, ETC. NOTE
Bibliography, etc Includes index
942 ## - ADDED ENTRY ELEMENTS (KOHA)
Koha item type English Books
Holdings
Withdrawn status Lost status Damaged status Not for loan Home library Current library Shelving location Date acquired Full call number Accession Number Price effective from Koha item type
        Anna Centenary Library Anna Centenary Library 4TH FLOOR, A WING 12.10.2010 341 SEL 307750 06.05.2026 English Books

Find us on the map